000 00442nam a2200157 4500
005 20260519133534.0
008 260430b |||||||| |||| 00| 0 eng d
020 _a9781788928175
082 _a428.007
_bROS-G
100 _aRose Heath ,Syrbe Mona
245 _aGlobal Tesol For The 21st Century
_bTeaching English in a Changing World
260 _aUK
_bBritish Library Cataloguing
300 _a214p
650 _aEnglish
942 _cBK
999 _c47445
_d47445